LEADER 01207nam a2200265 4500 001 000000354924 003 CaOOAMICUS 005 20230808100116.0 008 230808s1914 gw a 000 u fre r 040 $aSeMil$bita 100 11$aBaedeker, Karl,$c.$0(OLS)http://semarc/name/117991 245 10$aEgypte et Soudan :$bmanuel du voyageur /$cpar Karl Baedeker. 250 $a4. ed. 264 1$aLeipzig :$bKarl Baedeker ;$aParis :$bPaul Ollendorff,$c1914. 300 $aCLXXXVI, 442 p., [50] carte di tav. anche ripieg. :$bcarte geogr., carte topogr., ill. ;$c16 cm 490 1 $aGuides Baedeker 650 4$aSudan - Guide.$0(OLS)http://semarc/subject/54150 650 4$aEgitto - Guide.$0(OLS)http://semarc/subject/18493 830 0$aGuides Baedeker.$0(OLS)http://semarc/title/445014 850 $aSeMil 852 $aSeMil$W1$xVenegono$y1$m4Y III 31 FA$j242947$B246213$CSeMilBibl$Z2$F246213 $8I 996 $6245$aEgypte et Soudan :$bmanuel du voyageur$9(OLS)http://semarc/title/445094 996 $6264$aLeipzig :$bKarl Baedeker$9(OLS)http://semarc/publisher/61140 996 $6264$aParis :$bPaul Ollendorff$9(OLS)http://semarc/publisher/36911 LEADER 00967nam a2200241 i 4500 001 000000190557 003 CaOOAMICUS 005 20100621000000.0 008 100621s1985 it u000 u ita u 013 $a168970 020 $a88-311-5423-0 040 $aSeMil$bita 100 1 $aLentini, Gerlando.$0(OLS)http://semarc/name/26474 245 13$aUn Santo a Palermo Giacomo Cusmano /$cGerlando Lentini. 260 $aRoma :$bCittà Nuova,$ccopyr. 1985. 300 $a483 p., [4] p. di tav. :$bill. ;$c20 cm. 500 $aContiene : Bibliografia. 600 14$aCusmano, Giacomo .$0(OLS)http://semarc/subject/21562 850 $aSeMil 852 $aSeMil$W1$xVenegono$y1$m3H I 318$j141174$B141174$CSeMilBibl$Z2$F152781 $81 996 $6020$a88-311-5423-0$9(OLS)http://semarc/number/181502 996 $6245$aUn Santo a Palermo Giacomo Cusmano$9(OLS)http://semarc/title/274521 996 $6260$aRoma :$bCittà Nuova$9(OLS)http://semarc/publisher/29609